[Event "GER-ch 68th"]
[Site "Dudweiler"]
[Date "1996.??.??"]
[Round "4"]
[White "Zeller, Frank"]
[Black "Schmitzer, Klaus"]
[Result "1-0"]
[WhiteElo "2410"]
[BlackElo "2325"]
[EventDate "1996.11.26"]
[PlyCount "57"]

1. d4 e6 2. e4 c5 3. Nf3 cxd4 4. Nxd4 Nc6 5. Nb5 d6 6. c4 Be7 7. N1c3 a6 8. Na3 Nf6 9. g3 O-O 10. Bg2 Bd7 11. O-O Rc8 12. Re1 Na5 13. Bf1 h6 14. Bf4 Qb6 15. Rb1 Rfd8 16. b4 Nc6 17. Bxd6 Bxd6 18. Qxd6 Be8 19. Qf4 Nxb4 20. Nc2 a5 21. a3 e5 22. Qxe5 Ng4 23. Qf5 Nxf2 24. Ne3 Qd4 25. axb4 axb4 26. Ncd5 Nxe4 27. Ne7+ Kh8 28. Nxc8 Bd7 29. Qd5 1-0

[Event "GER-ch 68th"]
[Site "Dudweiler"]
[Date "1996.??.??"]
[Round "5"]
[White "Bangiev, Alexander J"]
[Black "Hennings, Artur"]
[Result "1/2-1/2"]
[WhiteElo "2400"]
[BlackElo "2340"]
[EventDate "1996.11.26"]
[PlyCount "121"]

1. e4 c5 2. Nf3 Nc6 3. d4 cxd4 4. Nxd4 Nf6 5. Nc3 d6 6. Bc4 Bd7 7. O-O g6 8. h3 Bg7 9. Be3 O-O 10. Bb3 Qa5 11. f4 Nxd4 12. Bxd4 Bc6 13. Qd3 Rad8 14. f5 Nd7 15. Bxg7 Kxg7 16. Qg3 Qe5 17. Qh4 Qf6 18. Qf2 Nc5 19. Rae1 Qe5 20. Qh4 Qf6 21. Qg4 Nd7 22. Qd1 Qe5 23. Qd2 Nf6 24. Rf4 e6 25. Nd5 Nh5 26. f6+ Kh8 27. Rf3 Rde8 28. Nc3 Nxf6 29. Qf2 Ng8 30. Rxf7 Rxf7 31. Qxf7 Re7 32. Qf2 b5 33. a3 Kg7 34. Rd1 Nf6 35. Qd4 Nxe4 36. Nxe4 Bxe4 37. Qxd6 Qxd6 38. Rxd6 Kf6 39. Ra6 Kf5 40. Ra5 e5 41. Kf2 Bc6 42. a4 bxa4 43. Bxa4 Bxa4 44. Rxa4 Rb7 45. b3 Rc7 46. c4 Rb7 47. b4 Ke4 48. c5 Kd3 49. Ke1 Kc4 50. Ra1 Rxb4 51. Rxa7 Kxc5 52. Rxh7 Rb2 53. Kf1 Kd4 54. Ra7 e4 55. Ra6 Ke3 56. Ra3+ Kf4 57. g3+ Ke5 58. Ra5+ Kd4 59. Ra4+ Kd3 60. Ra3+ Kd4 61. Ra4+ 1/2-1/2

[Event "GER-ch 68th"]
[Site "Dudweiler"]
[Date "1996.??.??"]
[Round "5"]
[White "Bastian, Herbert"]
[Black "Movsziszian, Karen"]
[Result "1-0"]
[WhiteElo "2365"]
[BlackElo "2470"]
[EventDate "1996.11.26"]
[PlyCount "97"]

1. e4 d6 2. d4 Nf6 3. Bd3 e5 4. c3 g6 5. Nf3 exd4 6. cxd4 Bg7 7. Nc3 O-O 8. h3 c5 9. O-O Nc6 10. d5 Na5 11. Re1 a6 12. Bf4 b5 13. a3 Nh5 14. Bg5 Qc7 15. Rc1 c4 16. Bc2 Re8 17. g4 Nf6 18. e5 Nxg4 19. exd6 Rxe1+ 20. Nxe1 Qxd6 21. hxg4 h6 22. Be3 Bd7 23. Qd2 Bxg4 24. Bxh6 Be5 25. Ne4 Qd8 26. Bg5 f6 27. Be3 Kg7 28. Rb1 c3 29. bxc3 Nc4 30. Qd3 Qh8 31. Ng3 Qh7 32. f4 Rh8 33. Ng2 Bf3 34. Kf2 Bxg2 35. Rg1 Bh3 36. fxe5 Nxe5 37. Qd4 Ng4+ 38. Kf3 Ne5+ 39. Kf2 Ng4+ 40. Ke2 Re8 41. Qa7+ Kg8 42. Qxh7+ Kxh7 43. Ne4 Kg7 44. Rg3 Nxe3 45. Kxe3 Bf5 46. Kd4 Rh8 47. Bd3 Rh4 48. Ke3 Rh1 49. Nc5 1-0

[Event "GER-ch 68th"]
[Site "Dudweiler"]
[Date "1996.??.??"]
[Round "5"]
[White "Becking, Stephan"]
[Black "Klein, J."]
[Result "1-0"]
[WhiteElo "2200"]
[BlackElo "2090"]
[EventDate "1996.11.26"]
[PlyCount "85"]

1. d4 Nf6 2. Nf3 g6 3. g3 Bg7 4. Bg2 O-O 5. O-O d6 6. c4 a6 7. Nc3 Nc6 8. e4 Bg4 9. h3 Bxf3 10. Bxf3 e5 11. d5 Nd4 12. Bg2 c5 13. dxc6 bxc6 14. Be3 Nd7 15. f4 Rb8 16. Qd2 f5 17. Rad1 Nc5 18. exf5 gxf5 19. Bxc6 Nxc6 20. Qd5+ Kh8 21. Qxc6 Qa5 22. Rd2 Rxb2 23. Rxb2 Qxc3 24. Re2 Ne4 25. Rc1 Qd3 26. Rce1 Nxg3 27. Rg2 exf4 28. Bxf4 Ne4 29. Kh2 Qc3 30. Rc1 Qf6 31. Rcg1 Bh6 32. Bxh6 Qxh6 33. Qb7 Nf6 34. Qb2 Qf4+ 35. Rg3 h5 36. Qc1 Qxc1 37. Rxc1 Ne4 38. Ra3 f4 39. Rf1 Nd2 40. Rf2 Ne4 41. Rf1 Nd2 42. Rg1 f3 43. Ra5 1-0

[Event "GER-ch 68th"]
[Site "Dudweiler"]
[Date "1996.??.??"]
[Round "5"]
[White "Gisbrecht, Ewgeni"]
[Black "Rabiega, Robert"]
[Result "1/2-1/2"]
[WhiteElo "2370"]
[BlackElo "2475"]
[EventDate "1996.11.26"]
[PlyCount "32"]

1. Nf3 d5 2. c4 e6 3. g3 dxc4 4. Qa4+ c6 5. Qxc4 b5 6. Qc2 Bb7 7. Bg2 Nd7 8. O-O Ngf6 9. b3 Be7 10. Bb2 c5 11. a4 a6 12. Nc3 Qb6 13. axb5 axb5 14. Rxa8+ Bxa8 15. Ra1 O-O 16. Ng5 Bxg2 1/2-1/2

[Event "GER-ch 68th"]
[Site "Dudweiler"]
[Date "1996.??.??"]
[Round "5"]
[White "Gross, Georg"]
[Black "Wesseln, Kai"]
[Result "1/2-1/2"]
[WhiteElo "2355"]
[BlackElo "2320"]
[EventDate "1996.11.26"]
[PlyCount "178"]

1. d4 Nf6 2. Nf3 c5 3. d5 d6 4. Nc3 g6 5. e4 Bg7 6. Bb5+ Nbd7 7. a4 O-O 8. O-O a6 9. Be2 Rb8 10. Re1 Ne8 11. Nd2 Nc7 12. Nc4 b5 13. axb5 Nxb5 14. Nxb5 axb5 15. Na5 Rb6 16. Nc6 Qe8 17. Ra8 Kh8 18. Bg5 f6 19. Be3 Ne5 20. Nxe5 fxe5 21. b4 Qd7 22. Qa1 Qc7 23. bxc5 dxc5 24. Rb1 Bd7 25. Rxf8+ Bxf8 26. Qa5 e6 27. dxe6 Bxe6 28. Rxb5 Rc6 29. Qxc7 Rxc7 30. h4 Kg7 31. h5 Be7 32. Rb8 gxh5 33. Bxh5 Ra7 34. Rb6 Bg8 35. Bh6+ Kh8 36. Rb8 Bf6 37. Bg4 Ra1+ 38. Kh2 Ra6 39. Rb7 c4 40. Rc7 Be7 41. Rxe7 Rxh6+ 42. Kg3 Rh1 43. Be6 Bxe6 44. Rxe6 Rc1 45. Rxe5 Rxc2 46. Re7 Rc3+ 47. Kf4 Rd3 48. Rc7 c3 49. e5 Kg8 50. g4 h6 51. Ke4 Rd2 52. f4 c2 53. Kf5 Rf2 54. e6 Kf8 55. Ke5 Ke8 56. f5 Kd8 57. Rc4 Ke7 58. Ke4 Rg2 59. Kd3 Kf6 60. Rxc2 Rxg4 61. Rc8 Rg7 62. Ke4 Ra7 63. Rf8+ Kg7 64. Rd8 Kf6 65. Kf4 Ra4+ 66. Kg3 Ra7 67. Kg4 h5+ 68. Kf4 Ra4+ 69. Kf3 Ra7 70. Ke4 h4 71. Rg8 Ra4+ 72. Kf3 Ra7 73. Kg4 Ra4+ 74. Kh3 Ra7 75. Rf8+ Kg7 76. Rd8 Kf6 77. Rd7 Ra3+ 78. Kg4 Ra4+ 79. Kf3 Ra3+ 80. Ke4 Ra4+ 81. Kd3 Ra3+ 82. Kd4 Ra4+ 83. Kd5 Ra5+ 84. Kd6 Ra6+ 85. Kc7 Kxf5 86. e7 Re6 87. Kd8 h3 88. e8=Q Rxe8+ 89. Kxe8 Kg4 1/2-1/2

[Event "GER-ch 68th"]
[Site "Dudweiler"]
[Date "1996.??.??"]
[Round "5"]
[White "Heidrich, Manfred"]
[Black "Glienke, Manfred"]
[Result "1/2-1/2"]
[WhiteElo "2340"]
[BlackElo "2325"]
[EventDate "1996.11.26"]
[PlyCount "52"]

1. e4 c5 2. c3 d5 3. exd5 Qxd5 4. d4 Nc6 5. Nf3 cxd4 6. cxd4 e5 7. Nc3 Bb4 8. Bd2 Bxc3 9. Bxc3 exd4 10. Nxd4 Nf6 11. Be2 O-O 12. O-O Ne4 13. Nxc6 Qxc6 14. Rc1 Nxc3 15. Rxc3 Qb6 16. Rb3 Qf6 17. Bf3 Rb8 18. Rb4 b6 19. Qd4 Qxd4 20. Rxd4 Be6 21. Bd5 Rfd8 22. Rfd1 Rbc8 23. g3 Bxd5 24. Rxd5 Rxd5 25. Rxd5 Kf8 26. Rd7 Rc2 1/2-1/2

[Event "GER-ch 68th"]
[Site "Dudweiler"]
[Date "1996.??.??"]
[Round "5"]
[White "Kirschbaum, Gunnar"]
[Black "Hetey, Laszlo"]
[Result "1-0"]
[WhiteElo "2195"]
[BlackElo "2410"]
[EventDate "1996.11.26"]
[PlyCount "61"]

1. d4 d5 2. c4 c6 3. Nf3 Nf6 4. e3 a6 5. b3 Bg4 6. h3 Bh5 7. Bd3 e6 8. Nbd2 Nbd7 9. O-O c5 10. dxc5 Bxc5 11. Bb2 dxc4 12. Bxc4 O-O 13. Be2 Qe7 14. Ne5 Nxe5 15. Bxe5 Bg6 16. Bxf6 Qxf6 17. Bh5 Rfd8 18. Bxg6 Qxg6 19. Qe2 Qc2 20. Rac1 Qxa2 21. Rxc5 Rxd2 22. Qc4 Rdd8 23. Rc1 b5 24. Qe4 g6 25. b4 Ra7 26. h4 Rad7 27. h5 Rd1+ 28. Rxd1 Rxd1+ 29. Kh2 Qxf2 30. h6 Rd8 31. Qd4 1-0

[Event "GER-ch 68th"]
[Site "Dudweiler"]
[Date "1996.??.??"]
[Round "5"]
[White "Lagunow, Alexander"]
[Black "Mainka, Romuald"]
[Result "0-1"]
[WhiteElo "2425"]
[BlackElo "2455"]
[EventDate "1996.11.26"]
[PlyCount "90"]

1. Nf3 d6 2. d4 f5 3. g3 g6 4. Bg2 Bg7 5. O-O Nf6 6. c4 O-O 7. Nc3 Qe8 8. b3 Na6 9. Ba3 c6 10. Qd3 Rb8 11. e4 fxe4 12. Nxe4 Bf5 13. Nxf6+ Bxf6 14. Qd2 Qd7 15. Rfe1 b5 16. Rac1 Nc7 17. cxb5 Nxb5 18. Bb2 Rb6 19. Ng5 Nc7 20. h3 h6 21. Ne4 Bg7 22. g4 Be6 23. Nc3 Nd5 24. Nxd5 Bxd5 25. Bxd5+ cxd5 26. Qc2 g5 27. Re3 Rbb8 28. Qc7 Rb7 29. Qa5 e6 30. Rce1 Rf6 31. Rxe6 Rxe6 32. Qxd5 Be5 33. dxe5 dxe5 34. Qc4 Rc7 35. Qb4 Rc8 36. Qa5 Rc2 37. Bxe5 Qd2 38. Qxd2 Rxd2 39. Re3 Rxa2 40. b4 a6 41. Bd4 Rxe3 42. Bxe3 Kf7 43. Kg2 Rc2 44. Kg3 Rc4 45. Bd2 Rd4 0-1

[Event "GER-ch 68th"]
[Site "Dudweiler"]
[Date "1996.??.??"]
[Round "5"]
[White "Loehn, Carsten"]
[Black "Klemm, Dietmar"]
[Result "0-1"]
[WhiteElo "2195"]
[BlackElo "2220"]
[EventDate "1996.11.26"]
[PlyCount "42"]

1. e4 c5 2. Nf3 Nc6 3. b4 cxb4 4. d4 d5 5. exd5 Qxd5 6. c4 bxc3 7. Nxc3 Qa5 8. d5 e6 9. dxc6 Bb4 10. Bd2 Bxc3 11. Rc1 Bxd2+ 12. Nxd2 Nf6 13. Bd3 bxc6 14. Rxc6 O-O 15. Qc2 Qe5+ 16. Kf1 Bb7 17. Rc3 Rac8 18. Nc4 Qd4 19. Ke2 Ne4 20. Bxe4 Bxe4 21. Rd1 Qxc4+ 0-1

[Event "GER-ch 68th"]
[Site "Dudweiler"]
[Date "1996.??.??"]
[Round "5"]
[White "Mueller, Karsten"]
[Black "Lutz, Christopher"]
[Result "1-0"]
[WhiteElo "2490"]
[BlackElo "2565"]
[EventDate "1996.11.26"]
[PlyCount "61"]

1. e4 c5 2. Nf3 d6 3. d4 cxd4 4. Nxd4 Nf6 5. Nc3 a6 6. Bc4 e6 7. O-O Be7 8. Be3 O-O 9. Bb3 b5 10. f3 Qc7 11. Qd2 Nc6 12. a4 b4 13. Nxc6 Qxc6 14. Ne2 a5 15. Nd4 Qd7 16. g4 Ba6 17. g5 Ne8 18. f4 d5 19. f5 Bxf1 20. Rxf1 Nd6 21. fxe6 fxe6 22. Nxe6 Rxf1+ 23. Kxf1 Kh8 24. Qxd5 Qb7 25. Qxb7 Nxb7 26. Bd5 Ra6 27. Bd4 Nd8 28. Nxg7 Bc5 29. Bf6 Rxf6+ 30. gxf6 Bd4 31. Nh5 1-0

[Event "GER-ch 68th"]
[Site "Dudweiler"]
[Date "1996.??.??"]
[Round "5"]
[White "Pirrot, Dieter"]
[Black "Siebrecht, Sebastian"]
[Result "1/2-1/2"]
[WhiteElo "2415"]
[BlackElo "2390"]
[EventDate "1996.11.26"]
[PlyCount "20"]

1. e4 g6 2. d4 Bg7 3. Nc3 d6 4. f4 Nf6 5. Nf3 O-O 6. e5 Nfd7 7. h4 c5 8. h5 cxd4 9. hxg6 hxg6 10. Qxd4 Qa5 1/2-1/2

[Event "GER-ch 68th"]
[Site "Dudweiler"]
[Date "1996.??.??"]
[Round "5"]
[White "Riegler, Dieter"]
[Black "Haist, Wolfgang"]
[Result "0-1"]
[WhiteElo "2195"]
[BlackElo "2260"]
[EventDate "1996.11.26"]
[PlyCount "60"]

1. d4 Nf6 2. c4 c5 3. d5 e6 4. Nc3 exd5 5. cxd5 d6 6. e4 g6 7. f4 Bg7 8. Nf3 O-O 9. Be2 a6 10. a4 Re8 11. e5 dxe5 12. fxe5 Ng4 13. Bg5 f6 14. exf6 Bxf6 15. Qd2 Bf5 16. h3 Ne5 17. Bxf6 Nxf3+ 18. Kd1 Nxd2 19. Bxd8 Nb3 20. Ra3 Nd4 21. Bf6 Nd7 22. Bh4 Ne5 23. Bg3 Nc2 24. Rb3 b5 25. Na2 c4 26. Rc3 Nd4 27. Nc1 Rad8 28. axb5 Rxd5 29. Ke1 axb5 30. Bxe5 Rdxe5 0-1

[Event "GER-ch 68th"]
[Site "Dudweiler"]
[Date "1996.??.??"]
[Round "5"]
[White "Schmaltz, Roland"]
[Black "Miltner, Arndt"]
[Result "1/2-1/2"]
[WhiteElo "2440"]
[BlackElo "2330"]
[EventDate "1996.11.26"]
[PlyCount "60"]

1. e4 d6 2. d4 Nf6 3. Nc3 Nbd7 4. f4 e5 5. Nf3 exd4 6. Qxd4 c6 7. Be3 d5 8. exd5 Bc5 9. Qd3 O-O 10. O-O-O cxd5 11. Bxc5 Nxc5 12. Qd4 Qc7 13. Ne5 Bf5 14. g4 Ne6 15. Qd2 Nxg4 16. Nxd5 Qd8 17. Qb4 Rc8 18. c3 Nc5 19. Bh3 h5 20. Bxg4 hxg4 21. Rhg1 Qh4 22. Ne3 Be6 23. N5xg4 f5 24. Ne5 Bxa2 25. Rg2 Qh3 26. Re2 Bb3 27. Rd4 Be6 28. Kb1 Qh5 29. Rg2 Qh3 30. Re2 Qh5 1/2-1/2

[Event "GER-ch 68th"]
[Site "Dudweiler"]
[Date "1996.??.??"]
[Round "5"]
[White "Schmitzer, Klaus"]
[Black "Dietz, Holger"]
[Result "0-1"]
[WhiteElo "2325"]
[BlackElo "2285"]
[EventDate "1996.11.26"]
[PlyCount "74"]

1. e4 c6 2. d4 d5 3. e5 Bf5 4. Nf3 e6 5. Be2 c5 6. O-O Nc6 7. Be3 Bg4 8. dxc5 Bxf3 9. Bxf3 Nxe5 10. Be2 Nf6 11. b4 Be7 12. f4 Nc6 13. b5 Na5 14. Nc3 O-O 15. Rb1 Rc8 16. Na4 Ne4 17. c6 bxc6 18. Bxa7 cxb5 19. Rxb5 Nc4 20. Rb7 Ned6 21. Rb4 Qa5 22. Rxc4 Qxa7+ 23. Qd4 Qxd4+ 24. Rxd4 Rxc2 25. Bd3 Rxa2 26. Nc3 Ra5 27. Ra4 Rxa4 28. Nxa4 Bf6 29. Rb1 g6 30. Kf1 Ra8 31. Bc2 Nc4 32. Ke2 Na3 33. Nb6 Rd8 34. Rc1 Bb2 35. Rd1 Nxc2 36. Rd2 Bd4 37. Na4 Ra8 0-1

[Event "GER-ch 68th"]
[Site "Dudweiler"]
[Date "1996.??.??"]
[Round "5"]
[White "Schulz, Karsten"]
[Black "Homuth, Manfred"]
[Result "1-0"]
[WhiteElo "2360"]
[BlackElo "2275"]
[EventDate "1996.11.26"]
[PlyCount "99"]

1. Nf3 f5 2. g3 Nf6 3. Bg2 g6 4. d4 Bg7 5. O-O O-O 6. Qd3 Qe8 7. Nbd2 d6 8. e4 fxe4 9. Nxe4 Nc6 10. Nxf6+ exf6 11. c3 Bf5 12. Qc4+ Kh8 13. Re1 Qf7 14. Qxf7 Rxf7 15. d5 Ne5 16. Nd4 Bd7 17. Bf1 Re8 18. f4 Ng4 19. Rxe8+ Bxe8 20. h3 Nh6 21. Ne6 Re7 22. Kf2 Bf7 23. Nxg7 Kxg7 24. Bg2 Be8 25. g4 Bb5 26. Be3 Ng8 27. Bf3 a6 28. Rd1 Kf7 29. Rd4 Bd7 30. b4 f5 31. g5 Ke8 32. c4 h6 33. h4 hxg5 34. fxg5 Rh7 35. Kg3 Ne7 36. Bf4 Nc8 37. c5 Bb5 38. Rd1 Kd8 39. h5 gxh5 40. g6 Rg7 41. Bxh5 Be8 42. Bg5+ Kd7 43. Bf6 Rg8 44. Kf4 Bxg6 45. Bf3 Ne7 46. Re1 Re8 47. Rg1 Rg8 48. Rc1 Rc8 49. Kg5 Bf7 50. c6+ 1-0

[Event "GER-ch 68th"]
[Site "Dudweiler"]
[Date "1996.??.??"]
[Round "5"]
[White "Schwing, Hans Elmar"]
[Black "Steinkohl, Thomas"]
[Result "1-0"]
[WhiteElo "2245"]
[BlackElo "2330"]
[EventDate "1996.11.26"]
[PlyCount "93"]

1. d4 Nf6 2. c4 g6 3. g3 Bg7 4. Bg2 O-O 5. Nc3 d6 6. Nf3 c6 7. O-O Qa5 8. e4 Bg4 9. h3 Bxf3 10. Bxf3 e5 11. d5 c5 12. a3 h5 13. Rb1 Na6 14. Bd2 Qd8 15. b4 b6 16. Kg2 Nc7 17. Be2 Nd7 18. Bd3 Ne8 19. Qe2 Kh7 20. Bc2 Bh6 21. f4 h4 22. f5 Bxd2 23. Qxd2 hxg3 24. Ba4 Ng7 25. Ne2 Nf6 26. Nxg3 Rc8 27. Bc6 Ngh5 28. Nxh5 Nxh5 29. bxc5 bxc5 30. fxg6+ Kxg6 31. Kh2 Qh4 32. Bd7 Rb8 33. Bf5+ Kg7 34. Rg1+ Kf6 35. Rxb8 Rxb8 36. Rg4 Qxg4 37. Bxg4 Nf4 38. Qc2 Kg7 39. Kg3 a6 40. Qa4 Rb6 41. Qc6 Rb3+ 42. Kf2 Rb2+ 43. Ke3 Rb3+ 44. Kd2 Rd3+ 45. Kc2 Rd4 46. Qxd6 Rxe4 47. Qxc5 1-0

[Event "GER-ch 68th"]
[Site "Dudweiler"]
[Date "1996.??.??"]
[Round "5"]
[White "Wahls, Matthias"]
[Black "Kindermann, Stefan"]
[Result "1/2-1/2"]
[WhiteElo "2540"]
[BlackElo "2530"]
[EventDate "1996.11.26"]
[PlyCount "39"]

1. e4 e6 2. d4 d5 3. Nd2 Nf6 4. e5 Nfd7 5. c3 c5 6. Bd3 Nc6 7. Ne2 cxd4 8. cxd4 Qb6 9. Nf3 f6 10. exf6 Nxf6 11. O-O Bd6 12. b3 O-O 13. Bf4 Bxf4 14. Nxf4 Bd7 15. Rc1 Ne4 16. g3 Rf5 17. Nh4 Rf7 18. Nf3 Rf5 19. Nh4 Rf7 20. Nf3 1/2-1/2

[Event "GER-ch 68th"]
[Site "Dudweiler"]
[Date "1996.??.??"]
[Round "5"]
[White "Walter, Guenter"]
[Black "Enigk, Frank"]
[Result "1-0"]
[WhiteElo "2275"]
[BlackElo "2145"]
[EventDate "1996.11.26"]
[PlyCount "91"]

1. d4 Nf6 2. Nf3 e6 3. Bf4 c5 4. e3 b6 5. Bd3 Bb7 6. Nbd2 Nc6 7. c3 Be7 8. h3 O-O 9. O-O a6 10. Qe2 Nd5 11. Bh2 cxd4 12. exd4 f5 13. Nc4 f4 14. Qc2 g6 15. Rfe1 Kg7 16. a3 b5 17. Nce5 Nxe5 18. Nxe5 Bd6 19. Be4 Bxe5 20. dxe5 Qg5 21. Qd2 Rac8 22. Kh1 Rc4 23. f3 h5 24. Bg1 Rfc8 25. Bd4 Ba8 26. Bd3 R4c7 27. a4 Ne7 28. axb5 axb5 29. Bxb5 Nf5 30. Qf2 Rb8 31. Bf1 Bd5 32. b4 Nxd4 33. Qxd4 Qg3 34. b5 g5 35. c4 Bb7 36. b6 Rc6 37. c5 g4 38. Re2 gxf3 39. gxf3 Qxf3+ 40. Rg2+ Kh6 41. Kh2 Qe3 42. Qxe3 fxe3 43. Bd3 Rxc5 44. Rg6+ Kh7 45. Rag1 Rd5 46. Rg7+ 1-0

[Event "GER-ch 68th"]
[Site "Dudweiler"]
[Date "1996.??.??"]
[Round "5"]
[White "Zeller, Frank"]
[Black "Slobodjan, Roman"]
[Result "0-1"]
[WhiteElo "2410"]
[BlackElo "2520"]
[EventDate "1996.11.26"]
[PlyCount "74"]

1. d4 Nf6 2. c4 e6 3. Nf3 b6 4. e3 Bb7 5. Bd3 Be7 6. O-O O-O 7. Nc3 d5 8. b3 c5 9. Bb2 Nc6 10. Rc1 cxd4 11. exd4 Rc8 12. Re1 Nb4 13. Bf1 Ne4 14. Ne5 Bg5 15. Ra1 Bh4 16. Nxe4 dxe4 17. a3 Na6 18. b4 Nb8 19. Qa4 f6 20. Ng4 h5 21. Ne3 f5 22. g3 Bg5 23. d5 f4 24. Ng2 fxg3 25. hxg3 exd5 26. cxd5 Qxd5 27. Rad1 Qf5 28. Bd4 Nc6 29. Qb3+ Kh8 30. Be3 Ne5 31. Be2 Nf3+ 32. Bxf3 exf3 33. Bxg5 fxg2 34. f4 Qh3 35. Kf2 g1=Q+ 36. Rxg1 Qh2+ 37. Ke3 Rfe8+ 0-1

[Event "GER-ch 68th"]
[Site "Dudweiler"]
[Date "1996.??.??"]
[Round "5"]
[White "Zude, Arno"]
[Black "Bischoff, Klaus"]
[Result "1/2-1/2"]
[WhiteElo "2410"]
[BlackElo "2530"]
[EventDate "1996.11.26"]
[PlyCount "38"]

1. e4 c5 2. Nf3 e6 3. d4 cxd4 4. Nxd4 a6 5. Bd3 Bc5 6. Nb3 Be7 7. O-O d6 8. c4 Nf6 9. Nc3 Nc6 10. Be3 O-O 11. Rc1 b6 12. f3 Nd7 13. Qd2 Nc5 14. Be2 Bb7 15. Rfd1 Rc8 16. Nd4 Nxd4 17. Qxd4 Qc7 18. b4 Rfd8 19. Kh1 Nd7 1/2-1/2

[Event "GER-ch 68th"]
[Site "Dudweiler"]
[Date "1996.??.??"]
[Round "6"]
[White "Bastian, Herbert"]
[Black "Lagunow, Alexander"]
[Result "0-1"]
[WhiteElo "2365"]
[BlackElo "2425"]
[EventDate "1996.11.26"]
[PlyCount "42"]

1. e4 c5 2. Nc3 Nc6 3. g3 g6 4. Bg2 Bg7 5. d3 d6 6. f4 e6 7. Nf3 Nge7 8. O-O O-O 9. Be3 Rb8 10. Qd2 b5 11. a3 a5 12. e5 f5 13. a4 b4 14. exd6 bxc3 15. dxe7 cxd2 16. exd8=Q Rxd8 17. Nxd2 Nd4 18. Ra2 Nxc2 19. Bxc5 Ba6 20. Nc4 Nb4 21. Raa1 Nxd3 0-1

[Event "GER-ch 68th"]
[Site "Dudweiler"]
[Date "1996.??.??"]
[Round "6"]
[White "Bischoff, Klaus"]
[Black "Schulz, Karsten"]
[Result "1-0"]
[WhiteElo "2530"]
[BlackElo "2360"]
[EventDate "1996.11.26"]
[PlyCount "121"]

1. d4 d5 2. c4 e6 3. Nc3 Nf6 4. cxd5 exd5 5. Bg5 Be7 6. e3 c6 7. Qc2 Nbd7 8. Bd3 Nh5 9. Bxe7 Qxe7 10. O-O-O Nb6 11. Kb1 Be6 12. Rc1 g6 13. Nge2 O-O-O 14. Na4 Nxa4 15. Qxa4 Kb8 16. Rc3 Rd6 17. Rhc1 Rc8 18. Ka1 Rc7 19. h3 f5 20. Qd1 Bc8 21. R3c2 Qf6 22. g3 Ng7 23. h4 Ne6 24. Qd2 b6 25. Qb4 Nd8 26. Ng1 Re6 27. Nf3 Nb7 28. Qb3 Rd6 29. Bf1 Nd8 30. Ne5 Nf7 31. f4 Bb7 32. Qb4 Rd8 33. a4 Nxe5 34. fxe5 Qe7 35. Qxe7 Rxe7 36. b4 Rc8 37. a5 Rg8 38. a6 Ba8 39. Bd3 Rc7 40. Kb2 Rgg7 41. Rc3 Kc8 42. b5 Kd7 43. bxc6+ Ke6 44. Bb5 Rg8 45. Kc2 Rf8 46. Kd2 h5 47. Ke2 Kf7 48. Kf3 Ke6 49. Kf4 Rff7 50. R3c2 Rf8 51. Rf2 Kf7 52. Kg5 Kg7 53. Kf4 Kg8 54. Ba4 Kg7 55. Bb3 Rd8 56. Kg5 Re7 57. Bxd5 Rxd5 58. c7 Rdxe5 59. dxe5 Rxe5 60. c8=Q f4+ 61. Kxf4 1-0

[Event "GER-ch 68th"]
[Site "Dudweiler"]
[Date "1996.??.??"]
[Round "6"]
[White "Dietz, Holger"]
[Black "Bangiev, Alexander J"]
[Result "0-1"]
[WhiteElo "2285"]
[BlackElo "2400"]
[EventDate "1996.11.26"]
[PlyCount "84"]

1. d4 g6 2. c3 Bg7 3. Nf3 c5 4. Bf4 Qb6 5. Qc1 d6 6. e3 Nf6 7. Bd3 O-O 8. Nbd2 Bg4 9. h3 Bxf3 10. Nxf3 Nc6 11. O-O Rac8 12. Bh2 Bh6 13. dxc5 Qxc5 14. Qd1 Bg7 15. Qe2 Nd7 16. e4 Bh6 17. Rad1 Qa5 18. Bb1 Bg7 19. Bf4 b5 20. a3 a6 21. Ba2 Qc7 22. h4 Nf6 23. Bh2 Ng4 24. Bg3 Na5 25. Ng5 h5 26. f3 Qb6+ 27. Kh1 Ne3 28. Bf2 Nxf1 29. Qxf1 Qc7 30. g4 hxg4 31. h5 Bf6 32. Nxf7 Nc4 33. hxg6 Kg7 34. Qg2 Qd7 35. Bxc4 bxc4 36. e5 Kxg6 37. exf6 Kxf7 38. fxe7 Rh8+ 39. Kg1 Rcg8 40. Bg3 Qa7+ 41. Kf1 Qb7 42. fxg4 Rh1+ 0-1

[Event "GER-ch 68th"]
[Site "Dudweiler"]
[Date "1996.??.??"]
[Round "6"]
[White "Enigk, Frank"]
[Black "Riegler, Dieter"]
[Result "1-0"]
[WhiteElo "2145"]
[BlackElo "2195"]
[EventDate "1996.11.26"]
[PlyCount "117"]

1. d4 Nf6 2. Nf3 g6 3. c4 Bg7 4. Nc3 O-O 5. Bg5 d6 6. e3 Nbd7 7. h3 c6 8. Be2 e5 9. d5 c5 10. Nd2 a6 11. e4 h6 12. Be3 Ne8 13. g4 Nc7 14. Nf1 b5 15. Qd2 Kh7 16. Ng3 Rh8 17. h4 bxc4 18. h5 g5 19. Nf5 Nb6 20. a4 a5 21. Nb5 Nxb5 22. axb5 a4 23. Qc3 Qc7 24. Bxc4 Bd7 25. Be2 Rhe8 26. Ra3 Bf8 27. O-O Ra7 28. Rfa1 Rea8 29. Qc1 f6 30. Kg2 Qb7 31. Qf1 Qb8 32. f3 Rc7 33. Ng3 Rb7 34. Nh1 Nc8 35. b3 Bxb5 36. Bxb5 Rxb5 37. bxa4 Rb3 38. Nf2 Be7 39. a5 Rxa3 40. Rxa3 Qb2 41. Bc1 Qb1 42. Qc4 Rb8 43. Nd3 Qb5 44. Nb2 Qd7 45. Rb3 Rxb3 46. Qxb3 Bd8 47. Bd2 Kg8 48. Nc4 Kf8 49. a6 Na7 50. Ba5 Bxa5 51. Nxa5 Qb5 52. Qxb5 Nxb5 53. Nc6 Ke8 54. a7 Nc7 55. Na5 Kd7 56. Nc4 Na8 57. Ne3 Kc7 58. Nf5 c4 59. Kf2 1-0

[Event "GER-ch 68th"]
[Site "Dudweiler"]
[Date "1996.??.??"]
[Round "6"]
[White "Glienke, Manfred"]
[Black "Movsziszian, Karen"]
[Result "1-0"]
[WhiteElo "2325"]
[BlackElo "2470"]
[EventDate "1996.11.26"]
[PlyCount "97"]

1. d4 g6 2. Nf3 Bg7 3. Bf4 d6 4. h3 Nd7 5. e3 e5 6. Bh2 Nh6 7. Nc3 O-O 8. Qd2 c6 9. Be2 f5 10. O-O-O e4 11. Ng1 d5 12. Bd6 Rf7 13. h4 b5 14. Nh3 Qxh4 15. Bf4 Qd8 16. Ng5 Rf6 17. f3 Nf8 18. Ngxe4 fxe4 19. Bxh6 Bxh6 20. Rxh6 exf3 21. gxf3 a5 22. e4 Be6 23. exd5 Bxd5 24. Nxd5 Qxd5 25. Kb1 Ne6 26. c4 bxc4 27. Qc3 Kg7 28. Rdh1 Ng5 29. Bxc4 Qxf3 30. Qd2 Rf4 31. Qh2 Qe4+ 32. Ka1 Rh8 33. Bd3 Qxd4 34. Rxg6+ hxg6 35. Qxh8+ Kf7 36. Qb8 Ne6 37. Bc2 c5 38. a3 Rf2 39. Bb1 c4 40. Rh7+ Kf6 41. Rh6 Rf5 42. Bxf5 Kxf5 43. Rh3 g5 44. Rc3 g4 45. Qb5+ Qc5 46. Qb7 Ke5 47. Qg2 Qd4 48. Qe2+ Qe4 49. Re3 1-0

[Event "GER-ch 68th"]
[Site "Dudweiler"]
[Date "1996.??.??"]
[Round "6"]
[White "Hennings, Artur"]
[Black "Gross, Georg"]
[Result "0-1"]
[WhiteElo "2340"]
[BlackElo "2355"]
[EventDate "1996.11.26"]
[PlyCount "78"]

1. e4 Nc6 2. Nc3 Nf6 3. Bb5 Nd4 4. Ba4 b5 5. Nxb5 Nxb5 6. Bxb5 Nxe4 7. Qe2 Bb7 8. Nf3 a6 9. Ba4 Nc5 10. Bb3 e6 11. d4 Nxb3 12. axb3 Be7 13. O-O O-O 14. Bd2 c5 15. dxc5 Bxc5 16. b4 Be7 17. Rfd1 Qc7 18. c3 Qc6 19. Bf4 f6 20. Ne1 e5 21. Be3 Rfe8 22. Ra5 Qe6 23. Qd3 d5 24. Bc5 Bd8 25. Ra3 Qc6 26. Be3 Bc7 27. Qd2 Rad8 28. f3 f5 29. Bf2 e4 30. f4 Qh6 31. Be3 g5 32. g3 gxf4 33. gxf4 Re7 34. Nc2 Rg7+ 35. Kh1 d4 36. Nxd4 Qh3 37. Rg1 Rdd7 38. Rg2 Bxf4 39. Nxf5 Qxf5 0-1

[Event "GER-ch 68th"]
[Site "Dudweiler"]
[Date "1996.??.??"]
[Round "6"]
[White "Hetey, Laszlo"]
[Black "Walter, Guenter"]
[Result "1/2-1/2"]
[WhiteElo "2410"]
[BlackElo "2275"]
[EventDate "1996.11.26"]
[PlyCount "93"]

1. d4 e6 2. c4 f5 3. Nf3 Nf6 4. g3 Bb4+ 5. Nbd2 b6 6. Bg2 Bb7 7. O-O O-O 8. a3 Bxd2 9. Qxd2 d6 10. b4 Qe7 11. Bb2 Nbd7 12. Rac1 Ne4 13. Qc2 c5 14. Ne1 Ndf6 15. f3 Ng5 16. Nd3 Nd7 17. dxc5 dxc5 18. Qc3 h6 19. Rcd1 Rad8 20. Nf4 Rf7 21. Rd2 cxb4 22. axb4 Rc8 23. Ng6 Qe8 24. Ra1 Bd5 25. Rd4 Nf6 26. Qb3 Rxc4 27. Rxc4 b5 28. Ne5 bxc4 29. Qe3 Rb7 30. h4 Ngh7 31. Bc3 Qb8 32. Qd4 Rc7 33. e4 fxe4 34. fxe4 Ba8 35. g4 Nf8 36. g5 hxg5 37. hxg5 Nh5 38. Qf2 Bc6 39. Nxc6 Rxc6 40. Rxa7 Rc7 41. Rxc7 Qxc7 42. b5 Nd7 43. e5 g6 44. Bd4 c3 45. Be4 Nxe5 46. b6 Qd8 47. b7 1/2-1/2